[Event "HUN-chT2 Barcza 1617"]
[Site "Hungary"]
[Date "2017.02.12"]
[Round "8.8"]
[White "Szabo, Leon"]
[Black "Beres, Istvan1111"]
[Result "1/2-1/2"]
[WhiteElo "2143"]
[BlackElo "1822"]
[PlyCount "37"]
[EventDate "2016.09.25"]
[EventType "team-tourn"]
[EventRounds "11"]
[EventCountry "HUN"]
[SourceTitle "EXT 2021"]
[Source "ChessBase"]
[SourceDate "2020.10.23"]
[SourceVersion "1"]
[SourceVersionDate "2020.10.23"]
[SourceQuality "1"]
[WhiteTeam "Lillafured DVTK II"]
[BlackTeam "Sajobabony"]
[WhiteTeamCountry "HUN"]
[BlackTeamCountry "HUN"]

1. d4 Nf6 2. Bg5 d5 3. Bxf6 exf6 4. e3 Bd6 5. c4 c6 6. Nc3 dxc4 7. Bxc4 0-0 8. Nge2 Re8 9. 0-0 f5 10. a3 Nd7 11. b4 Qh4 12. g3 Qh3 13. Qb3 Re7 14. b5 Nf6 15. f3 Rxe3 16. Bxf7+ Kf8 17. Bc4 f4 18. Nxf4 Qf5 19. Ng2 1/2-1/2

[Event "HUN-chT2 Barcza 1617"]
[Site "Hungary"]
[Date "2016.09.25"]
[Round "1.8"]
[White "Fekete, Sandor"]
[Black "Szabo, Leon"]
[Result "1/2-1/2"]
[WhiteElo "1733"]
[BlackElo "2143"]
[PlyCount "39"]
[EventDate "2016.09.25"]
[EventType "team-tourn"]
[EventRounds "11"]
[EventCountry "HUN"]
[SourceTitle "EXT 2021"]
[Source "ChessBase"]
[SourceDate "2020.10.23"]
[SourceVersion "1"]
[SourceVersionDate "2020.10.23"]
[SourceQuality "1"]
[WhiteTeam "Kazincbarcika"]
[BlackTeam "Lillafured DVTK II"]
[WhiteTeamCountry "HUN"]
[BlackTeamCountry "HUN"]

1. d4 Nf6 2. Nf3 g6 3. c4 Bg7 4. Nc3 0-0 5. e4 d6 6. h3 b6 7. Be2 Bb7 8. Qc2 Nbd7 9. 0-0 e5 10. d5 Ne8 11. Bd2 h6 12. g3 f5 13. Nh4 Qf6 14. exf5 gxf5 15. f4 e4 16. Nd1 c6 17. Bc3 Qf7 18. dxc6 Bxc6 19. Ne3 Bxc3 20. Qxc3 1/2-1/2

[Event "Katowice POL-HUN 4th"]
[Site "Katowice"]
[Date "2016.05.07"]
[Round "4"]
[White "Banusz, Tamas"]
[Black "Szabo, Leon"]
[Result "1-0"]
[WhiteElo "2621"]
[BlackElo "2142"]
[PlyCount "119"]
[EventDate "2016.05.07"]
[EventType "swiss (rapid)"]
[EventRounds "9"]
[EventCountry "POL"]
[SourceTitle "CBM 172 Extra"]
[Source "ChessBase"]
[SourceDate "2016.06.21"]
[SourceVersion "1"]
[SourceVersionDate "2016.06.21"]
[SourceQuality "1"]

1. Nf3 Nf6 2. c4 g6 3. g3 Bg7 4. Bg2 0-0 5. 0-0 d6 6. d4 Bg4 7. Nc3 Nbd7 8. Ne1 Nb6 9. h3 Bc8 10. b3 e5 11. Nc2 c6 12. e4 Nfd7 13. Be3 Qe7 14. Qd2 f5 15. Bg5 Qf7 16. d5 f4 17. dxc6 bxc6 18. Qxd6 h6 19. Be7 Re8 20. c5 Qxe7 21. Qxe7 Rxe7 22. cxb6 axb6 23. Rfd1 Bb7 24. Rd6 Kf7 25. Rad1 Nc5 26. Nb4 Re6 27. Bf1 Ke7 28. R6d2 b5 29. Rc2 Rd6 30. Rxd6 Kxd6 31. Bxb5 Ne6 32. Bc4 Nd4 33. Rc1 h5 34. Nd3 g5 35. gxf4 exf4 36. e5+ Ke7 37. Nc5 Bc8 38. e6 Nf3+ 39. Kh1 Ne5 40. Bf1 Bxe6 41. Nxe6 Kxe6 42. a4 g4 43. b4 Kf5 44. a5 c5 45. a6 cxb4 46. Nd5 b3 47. Rb1 Rb8 48. Nc7 Nc6 49. Bb5 Na7 50. Rxb3 Ke5 51. Rd3 Ke4 52. Rb3 Kd4 53. Ne6+ Ke5 54. Nxg7 Rxb5 55. Rxb5+ Nxb5 56. h4 g3 57. f3 Kf6 58. Nxh5+ Kf5 59. Kg2 Na7 60. Nxg3+ 1-0

[Event "Katowice POL-HUN 4th"]
[Site "Katowice"]
[Date "2016.05.07"]
[Round "5"]
[White "Szabo, Leon"]
[Black "Korpa, Bence"]
[Result "0-1"]
[WhiteElo "2142"]
[BlackElo "2461"]
[PlyCount "102"]
[EventDate "2016.05.07"]
[EventType "swiss (rapid)"]
[EventRounds "9"]
[EventCountry "POL"]
[SourceTitle "CBM 172 Extra"]
[Source "ChessBase"]
[SourceDate "2016.06.21"]
[SourceVersion "1"]
[SourceVersionDate "2016.06.21"]
[SourceQuality "1"]

1. d4 d5 2. Nf3 Nf6 3. Bf4 c5 4. c3 Nc6 5. Qb3 Qb6 6. Qxb6 c4 7. a3 axb6 8. Nbd2 Bf5 9. Nh4 e6 10. Nxf5 b5 11. 0-0-0 exf5 12. Bg3 Ne4 13. f3 Nxg3 14. hxg3 Bd6 15. Rh3 0-0 16. e4 fxe4 17. fxe4 dxe4 18. Nxe4 Be7 19. Be2 f5 20. Nf2 Bg5+ 21. Kc2 g6 22. Bf3 Be3 23. Rf1 h5 24. Nd1 Bg5 25. Re1 Rae8 26. Rhh1 Kg7 27. Nf2 Be3 28. Nd1 Bg5 29. Nf2 Bd8 30. Nh3 Bc7 31. Nf4 Rxe1 32. Rxe1 Rf7 33. Re6 Ne7 34. Bxb7 h4 35. Nd5 Nxd5 36. Bxd5 Bxg3 37. Bc6 f4 38. Kd1 g5 39. Re5 Kh6 40. Re6+ Kg7 41. Re5 Kh6 42. Re6+ Kg7 43. Re5 Kf6 44. Ke2 f3+ 45. Bxf3 Bxe5 46. dxe5+ Kxe5 47. Bc6 g4 48. Bxb5 g3 49. Bc6 Rf2+ 50. Ke3 Rxb2 51. a4 h3 0-1

[Event "HUN-chT2 Maroczy 1516"]
[Site "Hungary"]
[Date "2016.02.28"]
[Round "6.11"]
[White "Fekete, Agnes"]
[Black "Szabo, Leon"]
[Result "1/2-1/2"]
[WhiteElo "1994"]
[BlackElo "2146"]
[PlyCount "87"]
[EventDate "2015.10.18"]
[EventType "team-tourn"]
[EventRounds "9"]
[EventCountry "HUN"]
[SourceTitle "EXT 2017"]
[Source "ChessBase"]
[SourceDate "2016.10.25"]
[SourceVersion "1"]
[SourceVersionDate "2016.10.25"]
[SourceQuality "1"]
[WhiteTeam "Kisujszallas"]
[BlackTeam "DVTK EMSE"]
[WhiteTeamCountry "HUN"]
[BlackTeamCountry "HUN"]

1. d4 Nf6 2. Bg5 Ne4 3. Bf4 d5 4. e3 Bf5 5. Nf3 e6 6. Be2 Bd6 7. Bxd6 Qxd6 8. 0-0 0-0 9. Nbd2 Nf6 10. Rc1 Nbd7 11. c4 c6 12. a3 Bg6 13. b4 a6 14. Qb3 e5 15. dxe5 Nxe5 16. Rfd1 Qe7 17. Nxe5 Qxe5 18. Nf3 Qe7 19. cxd5 Nxd5 20. Nd4 Kh8 21. Bf3 Be4 22. Bxe4 Qxe4 23. a4 f5 24. Rc4 Qe7 25. Ne2 Rad8 26. Rcd4 Nxb4 27. Rxd8 Rxd8 28. Rxd8+ Qxd8 29. h3 Qe7 30. Qb1 g6 31. Qb2+ Kg8 32. Qb3+ Kg7 33. Qc3+ Kh6 34. Nf4 b5 35. Nd3 Nxd3 36. Qxd3 Qb4 37. axb5 cxb5 38. f4 a5 39. g4 Qe4 40. g5+ Kh5 41. Qe2+ Kh4 42. Kh2 Qb1 43. Qf2+ Kh5 44. Qe2+ 1/2-1/2

[Event "HUN-chT2 Maroczy 1516"]
[Site "Hungary"]
[Date "2015.12.06"]
[Round "4.11"]
[White "Szabo, Leon"]
[Black "Kaposztas, Miklos"]
[Result "1/2-1/2"]
[WhiteElo "2146"]
[BlackElo "2141"]
[PlyCount "91"]
[EventDate "2015.10.18"]
[EventType "team-tourn"]
[EventRounds "9"]
[EventCountry "HUN"]
[SourceTitle "CBM 170 Extra"]
[Source "ChessBase"]
[SourceDate "2016.02.25"]
[SourceVersion "1"]
[SourceVersionDate "2016.02.25"]
[SourceQuality "1"]
[WhiteTeam "DVTK EMSE"]
[BlackTeam "Vasas"]
[WhiteTeamCountry "HUN"]
[BlackTeamCountry "HUN"]

1. d4 Nf6 2. Bg5 g6 3. Nd2 Bg7 4. e4 h6 5. Be3 d6 6. f3 e5 7. c3 0-0 8. Bc4 Qe7 9. Ne2 Nc6 10. Nb3 a5 11. Qd2 a4 12. Nbc1 Na5 13. Bb5 Bd7 14. Bxd7 Nxd7 15. b3 axb3 16. axb3 Nc4 17. bxc4 Rxa1 18. Qb2 Ra4 19. Qxb7 Rxc4 20. d5 Ra4 21. Qxc7 Raa8 22. Qc4 f5 23. 0-0 fxe4 24. Qxe4 Qf7 25. Rd1 Nf6 26. Qd3 Rfc8 27. Nb3 Ra3 28. Qb5 Qd7 29. Qb6 Raa8 30. Nbc1 Qc7 31. Qb1 Kh7 32. f4 Rab8 33. Qd3 e4 34. Qd2 Rb5 35. Qa2 Ra5 36. Qb3 Rb8 37. Qc2 Re8 38. Qb3 Rb8 39. Qc2 Rbb5 40. Nb3 Ra3 41. Ned4 Rxd5 42. c4 Rxd4 43. Bxd4 Nh5 44. c5 dxc5 45. Bxg7 Nxg7 46. Qxc5 1/2-1/2

[Event "HUN-chT2 Barcza 1415"]
[Site "Hungary"]
[Date "2015.04.26"]
[Round "?"]
[White "Dudics, Zoltan Alex"]
[Black "Szabo, Leon"]
[Result "1/2-1/2"]
[WhiteElo "1747"]
[BlackElo "2199"]
[PlyCount "56"]
[EventDate "2014.09.07"]
[EventType "team-tourn"]
[EventRounds "11"]
[EventCountry "HUN"]
[SourceTitle "EXT 2016"]
[Source "ChessBase"]
[SourceDate "2015.10.08"]
[SourceVersion "1"]
[SourceVersionDate "2015.10.08"]
[SourceQuality "1"]
[WhiteTeam "Nadudvar"]
[BlackTeam "Miskolc Sakkiskola"]
[WhiteTeamCountry "HUN"]
[BlackTeamCountry "HUN"]

1. e4 e6 2. f4 d5 3. e5 c5 4. Nf3 Nc6 5. c3 Nh6 6. Na3 f6 7. Bb5 Nf7 8. 0-0 c4 9. Nc2 Bd7 10. Bxc6 bxc6 11. d3 cxd3 12. Qxd3 c5 13. Re1 f5 14. b4 Rb8 15. Ba3 Qc7 16. Rab1 Be7 17. bxc5 Bxc5+ 18. Bxc5 Qxc5+ 19. Qd4 Qxd4+ 20. Ncxd4 0-0 21. Rxb8 Rxb8 22. Nxf5 exf5 23. e6 Bxe6 24. Rxe6 g6 25. Ra6 Rb7 26. Ra5 Rc7 27. Rxd5 Rxc3 28. Ra5 Rc7 1/2-1/2

[Event "HUN-chT2 Barcza 1415"]
[Site "Hungary"]
[Date "2015.01.11"]
[Round "?"]
[White "Horvath, Karoly"]
[Black "Szabo, Leon"]
[Result "1/2-1/2"]
[WhiteElo "2128"]
[BlackElo "2199"]
[PlyCount "98"]
[EventDate "2014.09.07"]
[EventType "team-tourn"]
[EventRounds "11"]
[EventCountry "HUN"]
[SourceTitle "EXT 2016"]
[Source "ChessBase"]
[SourceDate "2015.10.08"]
[SourceVersion "1"]
[SourceVersionDate "2015.10.08"]
[SourceQuality "1"]
[WhiteTeam "Debrecen Sakkbaratok"]
[BlackTeam "Miskolc Sakkiskola"]
[WhiteTeamCountry "HUN"]
[BlackTeamCountry "HUN"]

1. d4 Nf6 2. e3 g6 3. f4 Bg7 4. Nf3 0-0 5. Bd3 d6 6. 0-0 c5 7. c3 b6 8. Qe2 Bb7 9. Nbd2 Nfd7 10. e4 e5 11. dxe5 dxe5 12. fxe5 Bxe5 13. Nc4 Nc6 14. Bh6 Re8 15. Rad1 Qe7 16. Ne3 Bd6 17. Nd5 Qe6 18. Ng5 Qe5 19. g3 Nd8 20. Bb5 Bxd5 21. Bxd7 Re7 22. Bg4 Bxa2 23. c4 Nb7 24. Rd5 Bxc4 25. Qxc4 Qxb2 26. Rdd1 b5 27. Qd5 Qe5 28. Qxe5 Bxe5 29. Nxf7 Bd4+ 30. Kg2 Rxf7 31. Be6 Nd8 32. Bd5 Rc8 33. Rf3 Rcc7 34. Bg5 Kg7 35. Bxd8 Rxf3 36. Kxf3 Rc8 37. Ba5 Rf8+ 38. Kg2 Rf2+ 39. Kh3 h5 40. Bc6 a6 41. Rd2 Rf1 42. Bd5 g5 43. Kg2 Rg1+ 44. Kf3 Rh1 45. e5 g4+ 46. Ke4 Re1+ 47. Kd3 Re3+ 48. Kc2 Bxe5 49. Rd3 Re2+ 1/2-1/2

[Event "HUN-chT2 Maroczy 1112"]
[Site "Hungary"]
[Date "2011.11.12"]
[Round "4"]
[White "Laszlo, Zoltan"]
[Black "Szabo, Leon"]
[Result "1/2-1/2"]
[WhiteElo "2047"]
[BlackElo "2208"]
[PlyCount "46"]
[EventDate "2011.09.25"]
[EventType "team-tourn"]
[EventRounds "11"]
[EventCountry "HUN"]
[SourceTitle "EXT 2013"]
[Source "ChessBase"]
[SourceDate "2012.11.22"]
[SourceVersion "1"]
[SourceVersionDate "2012.11.22"]
[SourceQuality "1"]
[WhiteTeam "Miskolc EMSE"]
[BlackTeam "Kazincbarcika"]
[WhiteTeamCountry "HUN"]
[BlackTeamCountry "HUN"]

1. e4 e6 2. d4 d5 3. e5 c5 4. c3 Nc6 5. Nf3 Bd7 6. Be2 f6 7. exf6 gxf6 8. Nh4 Qb6 9. Bh5+ Kd8 10. Nf3 cxd4 11. cxd4 Bd6 12. Nc3 Nge7 13. a4 Nf5 14. Nb5 Bb4+ 15. Bd2 Bxd2+ 16. Qxd2 a6 17. Nc3 Ncxd4 18. Rd1 Nxf3+ 19. Bxf3 Rc8 20. 0-0 Rg8 21. Nxd5 exd5 22. Qxd5 Rg7 23. Qxf5 Rc5 1/2-1/2

[Event "HUN-chT2 Maroczy 1112"]
[Site "Hungary"]
[Date "2011.10.30"]
[Round "2"]
[White "Szabo, Leon"]
[Black "Tokovic, Svetozar"]
[Result "1/2-1/2"]
[WhiteElo "2208"]
[BlackElo "2219"]
[PlyCount "35"]
[EventDate "2011.09.25"]
[EventType "team-tourn"]
[EventRounds "11"]
[EventCountry "HUN"]
[SourceTitle "EXT 2013"]
[Source "ChessBase"]
[SourceDate "2012.11.22"]
[SourceVersion "1"]
[SourceVersionDate "2012.11.22"]
[SourceQuality "1"]
[WhiteTeam "Kazincbarcika"]
[BlackTeam "Roszke"]
[WhiteTeamCountry "HUN"]
[BlackTeamCountry "HUN"]

1. d4 Nf6 2. Bg5 Ne4 3. Bf4 e6 4. f3 Bd6 5. Bxd6 Nxd6 6. e4 f5 7. Nd2 Nc6 8. c3 0-0 9. Bd3 e5 10. Ne2 fxe4 11. fxe4 b5 12. Nf3 Qe7 13. d5 Na5 14. a4 Nac4 15. Qc1 c6 16. dxc6 dxc6 17. axb5 cxb5 18. b3 1/2-1/2

[Event "HUN-chT 1011"]
[Site "Hungary"]
[Date "2010.12.05"]
[Round "4"]
[White "Szabo, Leon"]
[Black "Bea, Boglarka"]
[Result "0-1"]
[WhiteElo "2185"]
[BlackElo "2109"]
[PlyCount "98"]
[EventDate "2010.10.10"]
[EventType "team-tourn"]
[EventRounds "11"]
[EventCountry "HUN"]
[SourceTitle "EXT 2012"]
[Source "ChessBase"]
[SourceDate "2011.11.24"]
[SourceVersion "1"]
[SourceVersionDate "2011.11.24"]
[SourceQuality "1"]
[WhiteTeam "Kazincbarcika"]
[BlackTeam "Honved"]
[WhiteTeamCountry "HUN"]
[BlackTeamCountry "HUN"]

1. d4 Nf6 2. Bg5 d5 3. Nd2 g6 4. e3 c6 5. c4 dxc4 6. Bxc4 Bg7 7. Ngf3 0-0 8. Qb3 Nbd7 9. 0-0 b5 10. Bd3 a6 11. Rac1 Bb7 12. Qa3 Rc8 13. Nb3 h6 14. Bh4 Nd5 15. Na5 Ba8 16. Nb3 g5 17. Bg3 f5 18. Qxa6 Nb4 19. Bc4+ bxc4 20. Qxc4+ Nd5 21. Nc5 Nxc5 22. Qxc5 f4 23. exf4 Nxf4 24. Rce1 Rc7 25. h4 g4 26. Ne5 Qd5 27. Qxd5+ cxd5 28. Ng6 Nxg6 29. Bxc7 Bxd4 30. Re6 Kf7 31. Rfe1 h5 32. R1e2 Rc8 33. Bg3 Rc1+ 34. Kh2 Bc6 35. b3 Bd7 36. Re1 Rc3 37. Ra6 Bf6 38. Ra7 Bc6 39. b4 d4 40. a4 Ra3 41. a5 d3 42. Rd1 Nxh4 43. Ra6 Ba4 44. Rd2 Bg5 45. f4 gxf3 46. Rf2 d2 47. Rxd2 Bxd2 48. Bxh4 Bf4+ 49. Bg3 f2 0-1

[Event "HUN-chT U18"]
[Site "Miskolc"]
[Date "2010.11.03"]
[Round "3.10"]
[White "Szabo, Leon"]
[Black "Nemeth, Denes"]
[Result "1/2-1/2"]
[WhiteElo "2185"]
[BlackElo "2153"]
[PlyCount "24"]
[EventDate "2010.11.02"]
[EventType "team-swiss"]
[EventRounds "8"]
[EventCountry "HUN"]
[SourceTitle "EXT 2016"]
[Source "ChessBase"]
[SourceDate "2015.10.08"]
[SourceVersion "1"]
[SourceVersionDate "2015.10.08"]
[SourceQuality "1"]

1. d4 Nf6 2. Bg5 e6 3. Nd2 Be7 4. Ngf3 0-0 5. e3 d5 6. c4 c6 7. Bd3 Nbd7 8. b3 b6 9. 0-0 Bb7 10. Ne5 h6 11. Bh4 Rc8 12. f4 Qc7 1/2-1/2

[Event "HUN-chT 0910"]
[Site "Hungary"]
[Date "2010.04.11"]
[Round "9"]
[White "Bartha, Agnes"]
[Black "Szabo, Leon"]
[Result "0-1"]
[WhiteElo "1860"]
[BlackElo "2259"]
[PlyCount "74"]
[EventDate "2009.11.08"]
[EventType "team-tourn"]
[EventRounds "11"]
[EventCountry "HUN"]
[SourceTitle "EXT 2011"]
[Source "ChessBase"]
[SourceDate "2010.11.26"]
[SourceVersion "1"]
[SourceVersionDate "2010.11.26"]
[SourceQuality "1"]
[WhiteTeam "BEAC"]
[BlackTeam "Kazincbarcika"]
[WhiteTeamCountry "HUN"]
[BlackTeamCountry "HUN"]

1. e4 e6 2. d4 d5 3. exd5 exd5 4. Nf3 Bg4 5. Be2 Bd6 6. Bg5 f6 7. Bh4 Ne7 8. Nbd2 Nbc6 9. h3 Bh5 10. g4 Bf7 11. Nb3 g5 12. Nxg5 fxg5 13. Bxg5 Qd7 14. Qd2 0-0-0 15. a3 Rde8 16. 0-0-0 Bg6 17. Rhf1 h5 18. Bf6 Rhf8 19. Bg5 Rh8 20. Bf6 Ref8 21. Bg5 hxg4 22. hxg4 Rh2 23. Be3 Be4 24. f4 Ng6 25. f5 Nh4 26. Rf2 Bg2 27. Rg1 Bg3 28. Nc5 Qe8 29. Bf4 Bxf2 30. Bxh2 Be3 31. Ne6 Bxd2+ 32. Kxd2 Rf7 33. Bg3 Nf3+ 34. Bxf3 Bxf3 35. Bf4 Qh8 36. c3 Qh4 37. Ng5 Qf2+ 0-1

[Event "HUN-chT 0910"]
[Site "Hungary"]
[Date "2010.02.28"]
[Round "7"]
[White "Nagy, Gabor"]
[Black "Szabo, Leon"]
[Result "1-0"]
[WhiteElo "2255"]
[BlackElo "2259"]
[PlyCount "69"]
[EventDate "2009.11.08"]
[EventType "team-tourn"]
[EventRounds "11"]
[EventCountry "HUN"]
[SourceTitle "EXT 2011"]
[Source "ChessBase"]
[SourceDate "2010.11.26"]
[SourceVersion "1"]
[SourceVersionDate "2010.11.26"]
[SourceQuality "1"]
[WhiteTeam "Haladas"]
[BlackTeam "Kazincbarcika"]
[WhiteTeamCountry "HUN"]
[BlackTeamCountry "HUN"]

1. e4 e6 2. d4 d5 3. Nd2 Nc6 4. Ngf3 Nf6 5. e5 Nd7 6. Be2 b6 7. Nf1 Bb7 8. Ne3 Qe7 9. 0-0 0-0-0 10. a4 f6 11. exf6 gxf6 12. b4 Nxb4 13. a5 Nc6 14. axb6 axb6 15. Ba3 Qg7 16. Qc1 Na5 17. Nd2 Rg8 18. Bf3 Nb8 19. Qb2 Nbc6 20. Rfc1 f5 21. Bxf8 Rgxf8 22. c3 f4 23. Nc2 e5 24. h3 Rg8 25. Ne1 exd4 26. cxd4 Qxd4 27. Qc2 Qg7 28. Ra4 d4 29. Nc4 d3 30. Nxd3 Nd4 31. Bg4+ Kb8 32. Qa2 Bd5 33. Rxa5 b5 34. Nb4 Be6 35. Ra8+ 1-0

[Event "HUN-chT 0910"]
[Site "Hungary"]
[Date "2009.11.22"]
[Round "2"]
[White "Lizak, Peter"]
[Black "Szabo, Leon"]
[Result "1-0"]
[WhiteElo "2300"]
[BlackElo "2259"]
[PlyCount "49"]
[EventDate "2009.11.08"]
[EventType "team-tourn"]
[EventRounds "11"]
[EventCountry "HUN"]
[SourceTitle "EXT 2011"]
[Source "ChessBase"]
[SourceDate "2010.11.26"]
[SourceVersion "1"]
[SourceVersionDate "2010.11.26"]
[SourceQuality "1"]
[WhiteTeam "Paks"]
[BlackTeam "Kazincbarcika"]
[WhiteTeamCountry "HUN"]
[BlackTeamCountry "HUN"]

1. Nf3 Nf6 2. c4 Nc6 3. d4 e6 4. a3 g6 5. Nc3 Bg7 6. e4 d6 7. Be2 0-0 8. 0-0 Nh5 9. Be3 f5 10. exf5 gxf5 11. d5 f4 12. Bc1 Na5 13. Bd2 b6 14. Ne1 Bxc3 15. Bxc3 Nf6 16. b4 Nb7 17. dxe6 Qe7 18. Bf3 Rb8 19. Nd3 Bxe6 20. Nxf4 Bxc4 21. Re1 Qf7 22. Rc1 b5 23. Bb2 a5 24. Rxc4 Qxc4 25. Bd5+ 1-0

[Event "HUN-chT 0910"]
[Site "Hungary"]
[Date "2009.11.08"]
[Round "1"]
[White "Szabo, Leon"]
[Black "Gonda, Laszlo"]
[Result "0-1"]
[WhiteElo "2259"]
[BlackElo "2486"]
[PlyCount "68"]
[EventDate "2009.11.08"]
[EventType "team-tourn"]
[EventRounds "11"]
[EventCountry "HUN"]
[SourceTitle "EXT 2011"]
[Source "ChessBase"]
[SourceDate "2010.11.26"]
[SourceVersion "1"]
[SourceVersionDate "2010.11.26"]
[SourceQuality "1"]
[WhiteTeam "Kazincbarcika"]
[BlackTeam "Aquaprofit"]
[WhiteTeamCountry "HUN"]
[BlackTeamCountry "HUN"]

1. d4 Nf6 2. Bg5 d5 3. Nd2 c5 4. c3 cxd4 5. cxd4 Qb6 6. Qc2 Nc6 7. e3 Ne4 8. Nxe4 dxe4 9. 0-0-0 Nb4 10. Qc4 Bd7 11. Kb1 Rc8 12. Qb3 Qa5 13. Qa3 Qxa3 14. bxa3 Nd5 15. Rc1 Rxc1+ 16. Kxc1 e6 17. Kb2 f6 18. Bh4 h5 19. Bg3 Kf7 20. h4 Be7 21. Bc4 Rc8 22. Bb3 Nc3 23. Nh3 Na4+ 24. Ka1 Bxa3 25. Nf4 Nc3 26. d5 e5 27. d6+ Kf8 28. Ng6+ Ke8 29. Ne7 Rd8 30. Nd5 Nxd5 31. Bxd5 Bc6 32. Bxc6+ bxc6 33. Kb1 Rxd6 34. Kc2 Rd5 0-1

[Event "HUN-chT U18"]
[Site "Miskolc"]
[Date "2009.10.30"]
[Round "8.7"]
[White "Istvanovszky, Martin"]
[Black "Szabo, Leon"]
[Result "1/2-1/2"]
[WhiteElo "2199"]
[BlackElo "2259"]
[PlyCount "45"]
[EventDate "2009.10.26"]
[EventType "team-swiss"]
[EventRounds "8"]
[EventCountry "HUN"]
[SourceTitle "EXT 2016"]
[Source "ChessBase"]
[SourceDate "2015.10.08"]
[SourceVersion "1"]
[SourceVersionDate "2015.10.08"]
[SourceQuality "1"]

1. e4 e6 2. b3 d5 3. Bb2 c5 4. exd5 exd5 5. Bb5+ Nc6 6. Qe2+ Qe7 7. d4 cxd4 8. Bxd4 a6 9. Bxc6+ bxc6 10. Nd2 f6 11. Bb2 c5 12. 0-0-0 Qxe2 13. Nxe2 Bb7 14. Rhe1 Kf7 15. g3 Ne7 16. c4 a5 17. cxd5 Nxd5 18. Nc4 a4 19. Nc3 Nxc3 20. Rd7+ Kg6 21. Bxc3 Bc6 22. Rc7 Bb5 23. Re4 1/2-1/2

[Event "HUN-chT U18"]
[Site "Miskolc"]
[Date "2009.10.29"]
[Round "6.4"]
[White "Szabo, Leon"]
[Black "Csirik, Andras"]
[Result "0-1"]
[WhiteElo "2259"]
[BlackElo "2271"]
[PlyCount "88"]
[EventDate "2009.10.26"]
[EventType "team-swiss"]
[EventRounds "8"]
[EventCountry "HUN"]
[SourceTitle "EXT 2016"]
[Source "ChessBase"]
[SourceDate "2015.10.08"]
[SourceVersion "1"]
[SourceVersionDate "2015.10.08"]
[SourceQuality "1"]

1. d4 d5 2. Nf3 Nf6 3. Bf4 c5 4. c3 Nc6 5. e3 Qb6 6. Qc2 Bg4 7. Nbd2 e6 8. Qb3 Be7 9. Ne5 Nxe5 10. dxe5 Nd7 11. Bb5 0-0-0 12. c4 Nb8 13. f3 Bf5 14. 0-0-0 Nc6 15. Bxc6 Qxc6 16. g4 Bg6 17. Qa3 a6 18. cxd5 exd5 19. Nb3 c4 20. Nd4 Bxa3 21. Nxc6 Bxb2+ 22. Kxb2 bxc6 23. Rhg1 Bd3 24. Rd2 Kd7 25. Kc3 Ke6 26. Rb2 Rb8 27. Rgg2 c5 28. Bg3 Rhd8 29. Rxb8 d4+ 30. exd4 cxd4+ 31. Kb4 Rxb8+ 32. Kc5 Rd8 33. Rb2 Rd5+ 34. Kc6 c3 35. Rb8 Bb5+ 36. Kc7 Rc5+ 37. Kb6 Rc6+ 38. Ka5 c2 39. Bf4 c1Q 40. Bxc1 Rxc1 41. f4 d3 42. Rd8 Bd7 43. f5+ Ke7 44. f6+ gxf6 0-1

[Event "HUN-chT U18"]
[Site "Miskolc"]
[Date "2009.10.29"]
[Round "7.5"]
[White "Szabo, Leon"]
[Black "Csonka, Balazs"]
[Result "0-1"]
[WhiteElo "2259"]
[BlackElo "2093"]
[PlyCount "144"]
[EventDate "2009.10.26"]
[EventType "team-swiss"]
[EventRounds "8"]
[EventCountry "HUN"]
[SourceTitle "EXT 2016"]
[Source "ChessBase"]
[SourceDate "2015.10.08"]
[SourceVersion "1"]
[SourceVersionDate "2015.10.08"]
[SourceQuality "1"]

1. d4 Nf6 2. Bg5 d5 3. Nd2 Bf5 4. Ngf3 e6 5. e3 Nbd7 6. c4 c6 7. Be2 Be7 8. c5 h6 9. Bh4 0-0 10. b4 a6 11. a4 Ne4 12. Bg3 Nc3 13. Qb3 Nxe2 14. Kxe2 Bf6 15. Rhc1 Re8 16. Kf1 Bg6 17. Ne5 Nxe5 18. dxe5 Bh4 19. Bf4 Bg5 20. Nf3 Bxf4 21. exf4 Be4 22. Nd4 f6 23. f3 Bg6 24. Qe3 fxe5 25. fxe5 Qg5 26. Qxg5 Bd3+ 27. Kf2 hxg5 28. Ra3 Bc4 29. Kg3 Kf7 30. Nc2 a5 31. Rb1 axb4 32. Rxb4 Ra7 33. Ne3 Bb5 34. Rab3 Rxa4 35. Rxa4 Bxa4 36. Rxb7+ Kg6 37. Kf2 Rd8 38. Re7 d4 39. Nc4 Bb3 40. Rxe6+ Kf7 41. Rd6 Rxd6 42. Nxd6+ Ke6 43. Ne4 Kxe5 44. Nxg5 Kd5 45. Ne4 Bc2 46. Ng5 Kxc5 47. Ke2 Kb4 48. Ne6 Kc3 49. Nxd4 Kxd4 50. Kd2 Bh7 51. g4 c5 52. h4 c4 53. h5 c3+ 54. Kc1 Ke3 55. g5 Kxf3 56. g6 Bg8 57. Kc2 Kg4 58. h6 gxh6 59. Kxc3 Kg5 60. Kd3 Kxg6 61. Ke3 Kg5 62. Kf3 Bd5+ 63. Kg3 h5 64. Kh3 h4 65. Kh2 Kg4 66. Kg1 Kg3 67. Kf1 h3 68. Ke2 h2 69. Ke3 h1Q 70. Kd4 Kf4 71. Kc5 Ke5 72. Kb4 Kd4 0-1

[Event "HUN-chT 0809"]
[Site "Hungary"]
[Date "2009.02.21"]
[Round "9"]
[White "Rapport, Richard"]
[Black "Szabo, Leon"]
[Result "0-1"]
[WhiteElo "2323"]
[BlackElo "2223"]
[PlyCount "80"]
[EventDate "2008.10.26"]
[EventType "team-tourn"]
[EventRounds "11"]
[EventCountry "HUN"]
[SourceTitle "EXT 2010"]
[Source "ChessBase"]
[SourceDate "2010.11.25"]
[SourceVersion "1"]
[SourceVersionDate "2010.11.25"]
[SourceQuality "1"]
[WhiteTeam "Csuti"]
[BlackTeam "Kazincbarcika"]
[WhiteTeamCountry "HUN"]
[BlackTeamCountry "HUN"]

1. Nf3 Nf6 2. c4 c6 3. Nc3 d5 4. d4 Bf5 5. cxd5 Nxd5 6. g3 e6 7. Bg2 Bb4 8. Bd2 Nd7 9. 0-0 Bg4 10. Qb3 Bxc3 11. bxc3 Qb6 12. Qa3 Qb5 13. h3 Bxf3 14. Bxf3 N5b6 15. Qb3 Qa6 16. Rfc1 Nc4 17. Be1 Ndb6 18. a4 Na5 19. Qa3 Nac4 20. Qa2 Na5 21. e4 Qc4 22. Qc2 Qb3 23. Qd2 Nbc4 24. Qg5 0-0 25. Bd1 Qb6 26. Rab1 Qc7 27. Be2 f6 28. Qh5 a6 29. Qc5 b6 30. Qb4 c5 31. Qxc4 Nxc4 32. Bxc4 Qc6 33. d5 Qxa4 34. Bb3 Qxe4 35. dxe6 c4 36. e7 Rfe8 37. Bc2 Qxe7 38. Rxb6 Qa3 39. Rd1 Rad8 40. Rdb1 Qa2 0-1